[Event "Caspian Cup 17th"]
[Site "Bandar e Anzali"]
[Date "2019.02.13"]
[Round "2"]
[White "Grigoryan, Karen H"]
[Black "Sadeh, Shahin"]
[Result "1-0"]
[WhiteElo "2590"]
[BlackElo "2242"]
[PlyCount "71"]
[EventDate "2019.02.12"]
[EventType "swiss"]
[EventRounds "9"]
[EventCountry "IRI"]
[SourceTitle "CBM 189 Extra"]
[Source "ChessBase"]
[SourceDate "2019.06.03"]
[SourceVersion "1"]
[SourceVersionDate "2019.06.03"]
[SourceQuality "1"]

1. d4 Nf6 2. c4 g6 3. Nc3 Bg7 4. e4 d6 5. f3 0-0 6. Be3 e5 7. d5 c6 8. Qd2 cxd5 9. cxd5 Nbd7 10. g4 a6 11. Nge2 b5 12. Ng3 b4 13. Na4 Qa5 14. b3 Ne8 15. Nb2 Rb8 16. Nc4 Qd8 17. h4 Nc5 18. h5 f5 19. gxf5 gxf5 20. Bxc5 dxc5 21. Bh3 fxe4 22. Bxc8 Qxc8 23. d6 Qe6 24. h6 Rxf3 25. Nxe4 Nf6 26. Ng5 Qg4 27. Nxf3 Qxf3 28. Rg1 Qe4+ 29. Qe3 Qh4+ 30. Kd2 Qh2+ 31. Kc1 Nd5 32. Rxg7+ Kh8 33. Qxe5 Qxh6+ 34. Rg5+ Nf6 35. d7 Rg8 36. Kc2 1-0

[Event "Asia Cities-ch 20th"]
[Site "Bhubaneswar"]
[Date "2017.08.28"]
[Round "4.1"]
[White "Sahoo, Utkal Ranjan"]
[Black "Sadeh, Shahin"]
[Result "0-1"]
[WhiteElo "2247"]
[BlackElo "2335"]
[PlyCount "82"]
[EventDate "2017.08.26"]
[EventType "team-swiss"]
[EventRounds "9"]
[EventCountry "IND"]
[SourceTitle "CBM 180 Extra"]
[Source "ChessBase"]
[SourceDate "2017.10.06"]
[SourceVersion "1"]
[SourceVersionDate "2017.10.06"]
[SourceQuality "1"]
[WhiteTeam "Bhubaneswar KIIT"]
[BlackTeam "Rasht"]
[WhiteTeamCountry "IND"]
[BlackTeamCountry "IRI"]

1. d4 Nf6 2. c4 g6 3. Nc3 Bg7 4. Nf3 0-0 5. g3 d6 6. Bg2 Nc6 7. 0-0 e5 8. h3 exd4 9. Nxd4 Nxd4 10. Qxd4 Be6 11. Qh4 Nd7 12. Bg5 f6 13. Bd2 g5 14. Qh5 c6 15. Be4 f5 16. Bc2 h6 17. f4 Qb6+ 18. Kh2 g4 19. b3 Nf6 20. Qg6 gxh3 21. Kxh3 Rae8 22. Kg2 Ng4 23. Rf3 Bd7 24. Bd3 Re6 25. Qh5 Be8 26. Qh1 Bg6 27. Rc1 Rfe8 28. Qd1 Qd4 29. Qc2 Bh5 30. Rh1 Nf6 31. Rf2 Bg6 32. e3 Rxe3 33. Bxe3 Rxe3 34. Rd1 Ng4 35. Bxf5 Qf6 36. Bxg6 Rxc3 37. Bh7+ Kh8 38. Qe4 Ne3+ 39. Kh2 Nxd1 40. Re2 Re3 41. Rxe3 Nxe3 0-1

[Event "IRI-chT 15th"]
[Site "Tehran"]
[Date "2016.08.03"]
[Round "2.1"]
[White "Golizadeh, Asghar"]
[Black "Sadeh, Shahin"]
[Result "1-0"]
[WhiteElo "2450"]
[BlackElo "2309"]
[PlyCount "59"]
[EventDate "2016.08.02"]
[EventType "team-tourn"]
[EventRounds "11"]
[EventCountry "IRI"]
[SourceTitle "EXT 2017"]
[Source "ChessBase"]
[SourceDate "2016.10.25"]
[SourceVersion "1"]
[SourceVersionDate "2016.10.25"]
[SourceQuality "1"]
[WhiteTeam "Tabriz Shahdari"]
[BlackTeam "Ghods Sherkat Mohandesi"]
[WhiteTeamCountry "IRI"]
[BlackTeamCountry "IRI"]

1. e4 g6 2. d4 Bg7 3. Nc3 d6 4. f4 Nf6 5. Nf3 0-0 6. Bd3 Nc6 7. 0-0 Bg4 8. Be3 e5 9. dxe5 dxe5 10. h3 exf4 11. Bc5 Bxf3 12. Qxf3 Nd4 13. Qf2 Re8 14. e5 Ne6 15. exf6 Bxf6 16. Kh1 b6 17. Ba3 c5 18. Bc4 g5 19. Bxe6 Rxe6 20. Rad1 Bd4 21. Qf3 Qe8 22. Nd5 Rc8 23. Qg4 h6 24. Rxf4 Rd8 25. c4 Qa4 26. Rfxd4 cxd4 27. Qxd4 Rde8 28. Bb4 Qc2 29. Bc3 f6 30. Rf1 1-0

[Event "Rilton Cup 45th"]
[Site "Stockholm"]
[Date "2016.01.04"]
[Round "8"]
[White "Johansson, Linus"]
[Black "Sadeh, Shahin"]
[Result "0-1"]
[WhiteElo "2423"]
[BlackElo "2284"]
[PlyCount "86"]
[EventDate "2015.12.27"]
[EventType "swiss"]
[EventRounds "9"]
[EventCountry "SWE"]
[SourceTitle "EXT 2017"]
[Source "ChessBase"]
[SourceDate "2016.10.25"]
[SourceVersion "1"]
[SourceVersionDate "2016.10.25"]
[SourceQuality "1"]

1. c4 g6 2. g3 Bg7 3. Bg2 e5 4. Nc3 Nc6 5. e4 d6 6. d3 Be6 7. Nge2 h5 8. h4 Nh6 9. Nd5 0-0 10. 0-0 f5 11. Bxh6 Bxh6 12. exf5 gxf5 13. Nec3 Bf7 14. Bf3 Nd4 15. Bxh5 c6 16. Ne3 f4 17. Bxf7+ Rxf7 18. Qh5 fxe3 19. Qxh6 e2 20. Rfe1 Qf8 21. Qg5+ Rg7 22. Qh5 Qf7 23. Qxf7+ Rxf7 24. Nxe2 Nc2 25. Kg2 Raf8 26. f4 Re8 27. Rec1 Nxa1 28. Rxa1 exf4 29. Nxf4 Re3 30. Rf1 Rg7 31. Rf3 Rxf3 32. Kxf3 Re7 33. g4 Re1 34. g5 Rb1 35. Kg4 Rxb2 36. g6 Rxa2 37. h5 a5 38. h6 a4 39. Nh5 Rg2+ 40. Kf5 a3 41. Nf6+ Kh8 42. Ne4 a2 43. Nxd6 Rf2+ 0-1

[Event "Rilton Cup 45th"]
[Site "Stockholm"]
[Date "2016.01.01"]
[Round "5"]
[White "Sadeh, Shahin"]
[Black "Jogstad, Martin"]
[Result "1-0"]
[WhiteElo "2284"]
[BlackElo "2125"]
[PlyCount "97"]
[EventDate "2015.12.27"]
[EventType "swiss"]
[EventRounds "9"]
[EventCountry "SWE"]
[SourceTitle "CBM 170 Extra"]
[Source "ChessBase"]
[SourceDate "2016.02.25"]
[SourceVersion "1"]
[SourceVersionDate "2016.02.25"]
[SourceQuality "1"]

1. c4 c6 2. g3 d5 3. Bg2 Nf6 4. Nf3 Bf5 5. 0-0 e6 6. cxd5 cxd5 7. Nc3 Nc6 8. Qb3 Qb6 9. Qxb6 axb6 10. d3 Bc5 11. Bg5 h6 12. Bxf6 gxf6 13. Nd2 Bg4 14. h3 Bh5 15. Rfc1 Kd7 16. Nb3 Rhc8 17. g4 Bg6 18. Nxc5+ bxc5 19. f4 f5 20. Kf2 Ra5 21. b3 b5 22. gxf5 Bxf5 23. e4 dxe4 24. dxe4 Bh7 25. a4 Nd4 26. axb5 Nxb3 27. Rxa5 Nxa5 28. Na4 Rb8 29. Rxc5 Nb7 30. Rc6 Na5 31. Rb6 Rxb6 32. Nxb6+ Kc7 33. Na4 Nc4 34. Bf1 Nd2 35. b6+ Kb7 36. Bg2 e5 37. f5 Nc4 38. Kg3 Nd6 39. Kh4 Kc6 40. Kh5 Kb5 41. Kxh6 Kxa4 42. Kxh7 Kb5 43. h4 Kxb6 44. h5 Ne8 45. h6 Kc6 46. Kg8 Kd7 47. Kxf7 Nd6+ 48. Kf8 Ne8 49. h7 1-0

[Event "Rilton Cup 45th"]
[Site "Stockholm"]
[Date "2015.12.28"]
[Round "2"]
[White "Jonsson, Emil1111"]
[Black "Sadeh, Shahin"]
[Result "0-1"]
[WhiteElo "2156"]
[BlackElo "2284"]
[PlyCount "88"]
[EventDate "2015.12.27"]
[EventType "swiss"]
[EventRounds "9"]
[EventCountry "SWE"]
[SourceTitle "CBM 170 Extra"]
[Source "ChessBase"]
[SourceDate "2016.02.25"]
[SourceVersion "1"]
[SourceVersionDate "2016.02.25"]
[SourceQuality "1"]

1. e4 g6 2. d4 Bg7 3. Nc3 c6 4. f4 d5 5. Nf3 Bg4 6. e5 Nh6 7. Be2 Nf5 8. Ng5 Bxe2 9. Nxe2 Qc8 10. 0-0 h5 11. Qd3 Na6 12. Bd2 e6 13. c4 dxc4 14. Qxc4 Qd7 15. Ne4 Rd8 16. Rf3 0-0 17. Bc3 b5 18. Qd3 c5 19. Rd1 Qc6 20. N4g3 Nxd4 21. Nxd4 cxd4 22. Bxd4 Rd5 23. Qc3 Qd7 24. Ne4 Rc8 25. Qd2 Rc4 26. Nd6 Rcxd4 27. Qxd4 Rxd4 28. Rxd4 Bf8 29. Rc3 Nc7 30. Rcd3 Nd5 31. Ne4 Qc6 32. g3 Bc5 33. Nxc5 Qxc5 34. Kg2 Kg7 35. Rd2 Ne3+ 36. Kf3 Nc2 37. Rd7 Qe3+ 38. Kg2 Ne1+ 39. Kf1 Nf3 40. Rf2 Qc1+ 41. Kg2 Nxe5 42. Rdd2 Nc4 43. Rde2 Ne3+ 44. Kf3 Ng4 0-1

[Event "IRI-ch sf"]
[Site "Rasht"]
[Date "2015.12.17"]
[Round "7"]
[White "Sadeh, Shahin"]
[Black "Javanbakht, Nima"]
[Result "0-1"]
[WhiteElo "2284"]
[BlackElo "2410"]
[PlyCount "114"]
[EventDate "2015.12.13"]
[EventType "swiss"]
[EventRounds "9"]
[EventCountry "IRI"]
[SourceTitle "EXT 2017"]
[Source "ChessBase"]
[SourceDate "2016.10.25"]
[SourceVersion "1"]
[SourceVersionDate "2016.10.25"]
[SourceQuality "1"]

1. e4 c5 2. Nf3 Nc6 3. Bb5 g6 4. 0-0 Bg7 5. Re1 Nf6 6. Nc3 0-0 7. e5 Ne8 8. Bxc6 dxc6 9. d4 cxd4 10. Nxd4 Nc7 11. Bg5 h6 12. Bh4 Re8 13. Re3 Ne6 14. Nxe6 Bxe6 15. Qe2 Qd4 16. Re4 Qb6 17. Na4 Qa5 18. f4 Bf5 19. Rd4 Rad8 20. Be1 Qb5 21. Qxb5 cxb5 22. Rxd8 Rxd8 23. Nc3 a6 24. a4 bxa4 25. Nxa4 g5 26. Nc5 Rc8 27. Nxb7 Be4 28. Na5 Rxc2 29. Bf2 gxf4 30. Re1 Bd5 31. b3 Rb2 32. h3 e6 33. Kf1 Kh7 34. h4 Kg6 35. g4 fxg3 36. Bxg3 Bf8 37. Bf2 Bb4 38. Ra1 Bc3 39. Ra4 Bf3 40. Bd4 Bg2+ 41. Kg1 Bxd4+ 42. Rxd4 Bd5 43. Rb4 Kf5 44. Rb6 Kxe5 45. Rxa6 Kf4 46. Ra7 f5 47. Rh7 Kg3 48. Kf1 Bf3 49. Ke1 Re2+ 50. Kd1 Ra2+ 51. Kc1 Rxa5 52. Rxh6 Bd5 53. h5 Bxb3 54. Rh8 Bd5 55. h6 Ra1+ 56. Kd2 Kf4 57. h7 Rh1 0-1

[Event "IRI-ch sf"]
[Site "Rasht"]
[Date "2015.12.14"]
[Round "2"]
[White "Sadeh, Shahin"]
[Black "Tahbaz, Arash"]
[Result "1-0"]
[WhiteElo "2284"]
[BlackElo "2297"]
[PlyCount "142"]
[EventDate "2015.12.13"]
[EventType "swiss"]
[EventRounds "9"]
[EventCountry "IRI"]
[SourceTitle "EXT 2017"]
[Source "ChessBase"]
[SourceDate "2016.10.25"]
[SourceVersion "1"]
[SourceVersionDate "2016.10.25"]
[SourceQuality "1"]

1. Nf3 Nf6 2. d4 g6 3. Nbd2 Bg7 4. e4 d6 5. Bd3 0-0 6. 0-0 Nc6 7. c3 Nd7 8. b4 e5 9. b5 Ne7 10. a4 exd4 11. cxd4 Nc5 12. Be2 Ne6 13. Nb3 f5 14. e5 Nd5 15. Bc4 Nb6 16. Bxe6+ Bxe6 17. a5 Nd5 18. Ng5 Bc8 19. Qf3 c6 20. a6 Qd7 21. axb7 Bxb7 22. exd6 cxb5 23. Nc5 Qc6 24. Nge6 Rfe8 25. Bb2 Bf6 26. Nxb7 Rxe6 27. Rfc1 Qxb7 28. Rc7 Rae8 29. h3 Qb6 30. Qxd5 Qxd6 31. Qxd6 Rxd6 32. Raxa7 h5 33. Rab7 Rd5 34. Rc6 Rf8 35. Ba3 Rf7 36. Rc8+ Rd8 37. Rxd8+ Bxd8 38. Rxb5 Rd7 39. d5 Kf7 40. f4 Bh4 41. Kf1 Bg3 42. Bc1 Rc7 43. Be3 Rc3 44. Ke2 Bh4 45. Rb7+ Kf8 46. d6 Rc6 47. Rc7 Ra6 48. Bc5 Ra2+ 49. Kd3 Ke8 50. Rg7 Kf8 51. Rh7 Ra1 52. Bd4 Rd1+ 53. Kc4 Rd2 54. g3 Bxg3 55. d7 Bh4 56. Rh8+ Kf7 57. d8Q Bxd8 58. Rxd8 Ke6 59. Re8+ Kd6 60. Bc5+ Kd7 61. Re7+ Kd8 62. Re3 Kc7 63. Rd3 Rg2 64. Kd5 g5 65. fxg5 Rxg5 66. Bd6+ Kd7 67. Bf4 Rg1 68. Ke5+ Ke7 69. Kxf5 Kf7 70. Rd7+ Kg8 71. Bg5 h4 1-0

[Event "Avicenna op 12th"]
[Site "Hamedan"]
[Date "2015.09.06"]
[Round "7"]
[White "Sadeh, Shahin"]
[Black "Mousavi, Seyed Khalil"]
[Result "0-1"]
[WhiteElo "2273"]
[BlackElo "2427"]
[PlyCount "122"]
[EventDate "2015.09.02"]
[EventType "swiss"]
[EventRounds "11"]
[EventCountry "IRI"]
[SourceTitle "EXT 2016"]
[Source "ChessBase"]
[SourceDate "2015.10.08"]
[SourceVersion "1"]
[SourceVersionDate "2015.10.08"]
[SourceQuality "1"]

1. e4 c5 2. Nf3 e6 3. d3 Nc6 4. g3 g6 5. Bg2 Bg7 6. 0-0 Nge7 7. c3 0-0 8. Be3 d6 9. d4 cxd4 10. Nxd4 Nxd4 11. Bxd4 e5 12. Be3 Be6 13. Na3 Qd7 14. Qd2 b5 15. Rfd1 Rfd8 16. Bf1 Rab8 17. c4 bxc4 18. Nxc4 d5 19. exd5 Bxd5 20. Qa5 Qg4 21. Qxa7 Nc6 22. Rxd5 Nxa7 23. Rxd8+ Rxd8 24. Bxa7 Rc8 25. Nd6 Rc2 26. a4 Qd7 27. Nb5 e4 28. Be3 Rxb2 29. Rc1 Be5 30. Kg2 Ra2 31. Rc5 Qe7 32. Rc4 h5 33. h4 Qf6 34. Nd4 Kh7 35. Rc6 Qd8 36. Rc4 Qd7 37. Nc6 Bc7 38. Bd4 e3 39. Bxe3 Qd5+ 40. Kh2 Ra1 41. Nb4 Qe6 42. Be2 Re1 43. Bd3 Ba5 44. Nc2 Rd1 45. Be2 Qd5 46. Bxd1 Qxc4 47. Nd4 Bb6 48. Nf5 Bc7 49. Nd4 Be5 50. Nf3 Bc7 51. Kg2 Kg8 52. Nd2 Qc6+ 53. Nf3 Qc4 54. Nd2 Qa2 55. Kf1 Ba5 56. Nb3 Qxa4 57. Ke2 Qc4+ 58. Kf3 Qg4+ 59. Kg2 Qxd1 60. Nxa5 Qd5+ 61. Kh2 Qxa5 0-1

[Event "Avicenna op 12th"]
[Site "Hamedan"]
[Date "2015.09.05"]
[Round "5"]
[White "Ryahi, Naser"]
[Black "Sadeh, Shahin"]
[Result "0-1"]
[WhiteElo "2185"]
[BlackElo "2273"]
[PlyCount "78"]
[EventDate "2015.09.02"]
[EventType "swiss"]
[EventRounds "11"]
[EventCountry "IRI"]
[SourceTitle "EXT 2016"]
[Source "ChessBase"]
[SourceDate "2015.10.08"]
[SourceVersion "1"]
[SourceVersionDate "2015.10.08"]
[SourceQuality "1"]

1. Nf3 g6 2. d4 Bg7 3. c4 d6 4. Nc3 Nd7 5. e4 e5 6. Be2 Ngf6 7. 0-0 0-0 8. b3 exd4 9. Nxd4 Re8 10. f3 Nh5 11. Be3 c5 12. Ndb5 a6 13. Nxd6 Bxc3 14. Rc1 Bh8 15. f4 Ng7 16. Nxf7 Kxf7 17. Qd5+ Ne6 18. f5 Nf6 19. fxe6+ Bxe6 20. Qxb7+ Kg8 21. Bf3 Qd6 22. Rcd1 Qe5 23. g3 Rad8 24. Rxd8 Rxd8 25. Qe7 Rd3 26. Bxc5 Bg7 27. Bg4 Rxg3+ 28. hxg3 Qxg3+ 29. Kh1 Qh4+ 30. Kg1 Qxg4+ 31. Kh2 h5 32. Bd4 Qe2+ 33. Rf2 Ng4+ 34. Kg3 Qd3+ 35. Kh4 Qxd4 36. Qxe6+ Kh7 37. Rf7 Kh6 38. Qe7 Qe3 39. Rxg7 Qf2+ 0-1

[Event "Rasht op"]
[Site "Rasht"]
[Date "2015.08.18"]
[Round "8"]
[White "Sadeh, Shahin"]
[Black "Behmardi, Kalantari Rustam"]
[Result "1/2-1/2"]
[WhiteElo "2231"]
[BlackElo "2297"]
[PlyCount "143"]
[EventDate "2015.08.14"]
[EventType "swiss"]
[EventRounds "11"]
[EventCountry "IRI"]
[SourceTitle "EXT 2016"]
[Source "ChessBase"]
[SourceDate "2015.10.08"]
[SourceVersion "1"]
[SourceVersionDate "2015.10.08"]
[SourceQuality "1"]

1. e4 e5 2. Nf3 Nc6 3. c3 d5 4. Qa4 Bd7 5. exd5 Nd4 6. Qd1 Nxf3+ 7. Qxf3 Nf6 8. c4 Bc5 9. Nc3 c6 10. dxc6 Bxc6 11. Qg3 Qe7 12. Be2 h5 13. h4 0-0-0 14. a3 e4 15. b4 Bd4 16. b5 Bd7 17. Bb2 Bg4 18. Rc1 Qd7 19. b6 Bxb6 20. Nd5 Bc5 21. Bxf6 gxf6 22. Bxg4 hxg4 23. h5 f5 24. h6 Bd6 25. Qe3 Kb8 26. g3 Rc8 27. Rh5 Qe6 28. Kf1 Qg6 29. Nf4 Qf6 30. c5 Be5 31. Rb1 Rxh6 32. Rxb7+ Kxb7 33. Qb3+ Ka8 34. Qd5+ Qc6 35. Rxh6 Qxd5 36. Nxd5 Rxc5 37. Ne3 Bd4 38. Ng2 Ra5 39. Rd6 Bb6 40. Rd7 f6 41. Ne3 Rxa3 42. Rd5 Rd3 43. Rxf5 Rxd2 44. Nxg4 a5 45. Nxf6 e3 46. fxe3 Bxe3 47. Rxa5+ Kb7 48. Ne4 Rc2 49. Ra3 Bc1 50. Rd3 Kc6 51. Ke1 Bb2 52. Kd1 Rg2 53. Ke1 Be5 54. Kf1 Rc2 55. g4 Rc4 56. Nf2 Rf4 57. Kg2 Bd4 58. Rf3 Rxf3 59. Kxf3 Kd5 60. Nd3 Bf6 61. Kf4 Ke6 62. Nc5+ Kf7 63. Kf5 Bd8 64. Ne6 Be7 65. Ng5+ Kg7 66. Nf3 Bf6 67. Nd2 Be7 68. Ne4 Bd8 69. Nc5 Be7 70. Nd7 Kf7 71. g5 Bxg5 72. Kxg5 1/2-1/2

[Event "Rasht op"]
[Site "Rasht"]
[Date "2015.08.14"]
[Round "1"]
[White "Sheykhi, Hamid"]
[Black "Sadeh, Shahin"]
[Result "0-1"]
[WhiteElo "1702"]
[BlackElo "2231"]
[PlyCount "78"]
[EventDate "2015.08.14"]
[EventType "swiss"]
[EventRounds "11"]
[EventCountry "IRI"]
[SourceTitle "EXT 2016"]
[Source "ChessBase"]
[SourceDate "2015.10.08"]
[SourceVersion "1"]
[SourceVersionDate "2015.10.08"]
[SourceQuality "1"]

1. d4 g6 2. c4 Bg7 3. Nc3 d6 4. Nf3 Nd7 5. g3 Ngf6 6. Bg2 0-0 7. 0-0 e5 8. dxe5 dxe5 9. Qc2 c6 10. b3 Re8 11. e4 Nc5 12. Rd1 Qa5 13. Bb2 Bg4 14. h3 Bxf3 15. Bxf3 Ne6 16. Ne2 Rad8 17. a3 h5 18. b4 Qc7 19. Bg2 h4 20. Rxd8 Rxd8 21. Rd1 Rxd1+ 22. Qxd1 hxg3 23. fxg3 a5 24. Qd3 axb4 25. axb4 Qb6+ 26. Kf1 Ne8 27. Bc3 N8c7 28. h4 Na6 29. Qd2 Nd4 30. c5 Qb5 31. Kf2 Qc4 32. Nc1 Bh6 33. Qd3 Qe6 34. Ne2 Nb5 35. Be1 Qa2 36. Bf1 Nd4 37. Kg1 Qa1 38. Bc3 Nxe2+ 39. Kf2 Nxc3 0-1

[Event "Abrisham op"]
[Site "Sowme'eh Sara"]
[Date "2015.05.10"]
[Round "5"]
[White "Ghaem Maghami, Ehsan"]
[Black "Sadeh, Shahin"]
[Result "1-0"]
[WhiteElo "2558"]
[BlackElo "2237"]
[PlyCount "61"]
[EventDate "2015.05.08"]
[EventType "swiss"]
[EventRounds "9"]
[EventCountry "IRI"]
[SourceTitle "CBM 166 Extra"]
[Source "ChessBase"]
[SourceDate "2015.06.18"]
[SourceVersion "1"]
[SourceVersionDate "2015.06.18"]
[SourceQuality "1"]

1. Nf3 g6 2. d4 Bg7 3. c4 d6 4. Nc3 Nd7 5. e4 e5 6. Be2 Ngf6 7. 0-0 h6 8. b3 0-0 9. dxe5 dxe5 10. Ba3 Re8 11. Qd2 c6 12. Rad1 Qa5 13. Bd6 Nh5 14. g3 Nf8 15. Qb2 Bh3 16. b4 Qa6 17. c5 b5 18. a4 Bxf1 19. Bxf1 Qc8 20. axb5 Qg4 21. Bg2 cxb5 22. h3 Qc8 23. Nxb5 Ne6 24. Bxe5 Ng5 25. Bxg7 Nxg7 26. Nxg5 hxg5 27. Nd6 Rd8 28. e5 Rb8 29. Qb3 Qe6 30. Bd5 Qxe5 31. Nxf7 1-0

[Event "Abrisham op"]
[Site "Sowme'eh Sara"]
[Date "2015.05.09"]
[Round "3"]
[White "Baghdasaryan, Vahe"]
[Black "Sadeh, Shahin"]
[Result "0-1"]
[WhiteElo "2430"]
[BlackElo "2237"]
[PlyCount "96"]
[EventDate "2015.05.08"]
[EventType "swiss"]
[EventRounds "9"]
[EventCountry "IRI"]
[SourceTitle "CBM 166 Extra"]
[Source "ChessBase"]
[SourceDate "2015.06.18"]
[SourceVersion "1"]
[SourceVersionDate "2015.06.18"]
[SourceQuality "1"]

1. e4 g6 2. d4 Bg7 3. Nc3 c6 4. h3 b5 5. Nf3 b4 6. Ne2 d5 7. e5 e6 8. Bd2 Bf8 9. Nc1 Nd7 10. h4 h5 11. Bd3 Nh6 12. Ng5 Qb6 13. c3 c5 14. Qa4 cxd4 15. cxb4 Ng4 16. f4 Ne3 17. Nb3 Nc4 18. 0-0-0 Nxd2 19. Rxd2 Bxb4 20. Rc2 0-0 21. Rc6 Qb8 22. Bxg6 fxg6 23. Rxe6 Rxf4 24. Rxg6+ Kh8 25. Rh6+ Kg7 26. Rh7+ Kg8 27. Qc6 Nf8 28. Qxd5+ Be6 29. Nxe6 Qc8+ 30. Rc7 Qxe6 31. Qxa8 Qf5 32. Qd5+ Kh8 33. Rd1 a5 34. a3 Ne6 35. Rc8+ Bf8 36. Rc2 Rf1 37. Nd2 Bh6 38. Rc8+ Nf8 39. Qc4 d3 40. Qc3 Bxd2+ 41. Qxd2 Qxc8+ 42. Qc3 Rxd1+ 43. Kxd1 Qxc3 44. bxc3 Ne6 45. Kd2 Nc5 46. e6 Kg7 47. g4 hxg4 48. h5 Nxe6 0-1

[Event "Abrisham op"]
[Site "Sowme'eh Sara"]
[Date "2015.05.08"]
[Round "1"]
[White "Hayrapetyan, Hovik"]
[Black "Sadeh, Shahin"]
[Result "0-1"]
[WhiteElo "2454"]
[BlackElo "2237"]
[PlyCount "138"]
[EventDate "2015.05.08"]
[EventType "swiss"]
[EventRounds "9"]
[EventCountry "IRI"]
[SourceTitle "CBM 166 Extra"]
[Source "ChessBase"]
[SourceDate "2015.06.18"]
[SourceVersion "1"]
[SourceVersionDate "2015.06.18"]
[SourceQuality "1"]

1. d4 g6 2. e4 Bg7 3. Nc3 c6 4. Nf3 d6 5. h3 Nf6 6. Be3 0-0 7. Be2 Nbd7 8. 0-0 e5 9. dxe5 dxe5 10. b4 Qe7 11. Rb1 a5 12. a3 axb4 13. axb4 Ra3 14. Qd2 Nh5 15. Rfd1 Nf4 16. Bc4 Re8 17. Ne2 b5 18. Bb3 Nf6 19. Bxf4 exf4 20. e5 Nd7 21. e6 fxe6 22. Qd6 Kh8 23. Qxe7 Rxe7 24. Nxf4 e5 25. Ne2 e4 26. Ng5 h6 27. Nf7+ Kh7 28. Nd6 Ba6 29. Nd4 Nb8 30. c3 e3 31. fxe3 Nd7 32. Nc2 Rxb3 33. Rxb3 Nb6 34. Kf2 Rd7 35. Ke2 Nd5 36. Ne4 Re7 37. Rxd5 cxd5 38. Nc5 Bc8 39. Ra3 h5 40. Kd2 Bf5 41. Nd3 Be4 42. g3 Rf7 43. Ra5 Rf3 44. Nd4 Rxg3 45. Nf4 g5 46. Nxh5 Rg2+ 47. Ke1 Bxd4 48. exd4 Kg6 49. h4 Kxh5 50. hxg5 Bd3 51. Ra8 Rxg5 52. Kf2 Kg4 53. Ke3 Bc4 54. Rf8 Rg6 55. Re8 Kf5 56. Re5+ Kf6 57. Kf4 Rg1 58. Rf5+ Ke6 59. Re5+ Kd6 60. Re3 Rd1 61. Kf5 Bd3+ 62. Kf6 Rf1+ 63. Kg5 Be4 64. Rh3 Rf3 65. Rh8 Rxc3 66. Rb8 Bd3 67. Kf6 Kc7 68. Rg8 Bc4 69. Rg7+ Kd6 0-1

[Event "IRI-ch"]
[Site "Tabriz"]
[Date "2013.12.01"]
[Round "6"]
[White "Tabatabaei, Mohammad Amin"]
[Black "Sadeh, Shahin"]
[Result "1-0"]
[WhiteElo "2200"]
[BlackElo "2252"]
[PlyCount "87"]
[EventDate "2013.11.27"]
[EventType "swiss"]
[EventRounds "11"]
[EventCountry "IRI"]
[SourceTitle "CBM 157 Extra"]
[Source "ChessBase"]
[SourceDate "2013.12.19"]
[SourceVersion "1"]
[SourceVersionDate "2013.12.19"]
[SourceQuality "1"]

1. e4 g6 2. d4 Bg7 3. Nc3 d6 4. f4 c6 5. Nf3 b5 6. a3 a6 7. Be3 Nf6 8. Bd3 Ng4 9. Bg1 Bh6 10. h3 Nf6 11. g4 Bxf4 12. Ne2 g5 13. Nxf4 gxf4 14. Qd2 Nbd7 15. Qxf4 Bb7 16. 0-0-0 Qc7 17. g5 Nh5 18. Qh4 Ng7 19. g6 fxg6 20. Ng5 c5 21. dxc5 Nxc5 22. Bxc5 Qxc5 23. Rhf1 h6 24. Nf7 Rf8 25. Qxh6 Rxf7 26. Qxg6 Qh5 27. e5 Bf3 28. e6 Bxd1 29. Qxf7+ Qxf7 30. exf7+ Kf8 31. Kxd1 Rc8 32. h4 Rc5 33. Bg6 Nh5 34. b4 Rd5+ 35. Kc1 Nf6 36. Rf3 Kg7 37. h5 Nd7 38. Rg3 Kh6 39. Rc3 Nf8 40. Rc8 Kg7 41. h6+ Kxh6 42. Be4 Re5 43. Rxf8 Kg7 44. Ra8 1-0

[Event "IRI-ch"]
[Site "Zahedan"]
[Date "2012.12.12"]
[Round "8"]
[White "Sadeh, Shahin"]
[Black "Noroozi, Omid"]
[Result "1-0"]
[WhiteElo "2316"]
[BlackElo "2366"]
[PlyCount "31"]
[EventDate "2012.12.07"]
[EventType "swiss"]
[EventRounds "11"]
[EventCountry "IRI"]
[SourceTitle "EXT 2014"]
[Source "ChessBase"]
[SourceDate "2013.11.20"]
[SourceVersion "1"]
[SourceVersionDate "2013.11.20"]
[SourceQuality "1"]

1. e4 c5 2. Nf3 d6 3. g3 Nf6 4. d3 g6 5. Bg2 Bg7 6. 0-0 0-0 7. Re1 Nc6 8. Nbd2 e5 9. c3 d5 10. exd5 Nxd5 11. Nc4 Re8 12. Ng5 Bf5 13. Qb3 Bxd3 14. Nd6 Qxd6 15. Bxd5 Nd8 16. Bxf7+ 1-0

[Event "IRI-ch"]
[Site "Zahedan"]
[Date "2012.12.07"]
[Round "1"]
[White "Kheiri, AR."]
[Black "Sadeh, Shahin"]
[Result "1/2-1/2"]
[WhiteElo "2158"]
[BlackElo "2316"]
[PlyCount "115"]
[EventDate "2012.12.07"]
[EventType "swiss"]
[EventRounds "11"]
[EventCountry "IRI"]
[SourceTitle "EXT 2014"]
[Source "ChessBase"]
[SourceDate "2013.11.20"]
[SourceVersion "1"]
[SourceVersionDate "2013.11.20"]
[SourceQuality "1"]

1. e4 g6 2. d4 Bg7 3. Nc3 d6 4. f4 Nc6 5. Be3 Nf6 6. Nf3 0-0 7. d5 Nb8 8. Bd3 c6 9. Qd2 cxd5 10. exd5 Qa5 11. Bc4 a6 12. 0-0 b5 13. Bb3 Bb7 14. a3 Nbd7 15. Rae1 Qc7 16. f5 Nc5 17. fxg6 hxg6 18. Ng5 Ng4 19. Bd4 Bh6 20. Qf4 Bc8 21. h3 f6 22. hxg4 Bxg5 23. Qf3 Rf7 24. Ne4 Nxe4 25. Qxe4 f5 26. Qd3 Bf6 27. Bxf6 Rxf6 28. g5 Rf7 29. Qd4 Qa7 30. Rf4 Rh7 31. Ref1 Rh5 32. Qxa7 Rxa7 33. c4 Rxg5 34. cxb5 axb5 35. Rb4 Bd7 36. Rc1 Rg3 37. Kf2 f4 38. Bd1 Rd3 39. Ke2 Re3+ 40. Kf2 g5 41. Be2 Ra4 42. Rc7 Rxb4 43. axb4 Bf5 44. Rc3 Rxc3 45. bxc3 Bd7 46. g3 fxg3+ 47. Kxg3 Kf7 48. c4 bxc4 49. Bxc4 Kf6 50. Ba6 Ke5 51. b5 Bxb5 52. Bxb5 Kxd5 53. Kg4 Kc5 54. Ba6 e5 55. Kxg5 Kd4 56. Kf5 d5 57. Bb5 e4 58. Kf4 1/2-1/2

[Event "Hamadan Iran op 11th"]
[Site "Hamadan"]
[Date "2012.07.16"]
[Round "9"]
[White "Sadeh, Shahin"]
[Black "Ahmadinia, Ebrahim"]
[Result "1/2-1/2"]
[WhiteElo "2299"]
[BlackElo "2365"]
[PlyCount "42"]
[EventDate "2012.07.11"]
[EventType "swiss"]
[EventRounds "11"]
[EventCountry "IRI"]
[SourceTitle "CBM 149 Extra"]
[Source "ChessBase"]
[SourceDate "2012.08.24"]
[SourceVersion "1"]
[SourceVersionDate "2012.08.24"]
[SourceQuality "1"]

1. Nf3 Nf6 2. d4 g6 3. Bf4 Bg7 4. e3 d6 5. Be2 0-0 6. h3 b6 7. 0-0 Bb7 8. a4 a6 9. Nbd2 Nbd7 10. c3 c5 11. Bh2 Qc7 12. Qb3 Bc6 13. Rfd1 Qb7 14. Bc4 b5 15. axb5 axb5 16. Rxa8 Qxa8 17. Bxb5 Bxb5 18. Qxb5 Rb8 19. Qd3 Rxb2 20. e4 cxd4 21. cxd4 d5 1/2-1/2

[Event "Hamadan Iran op 11th"]
[Site "Hamadan"]
[Date "2012.07.11"]
[Round "1"]
[White "Sadeh, Shahin"]
[Black "Abasi, Amir Salar"]
[Result "1-0"]
[WhiteElo "2299"]
[BlackElo "1741"]
[PlyCount "56"]
[EventDate "2012.07.11"]
[EventType "swiss"]
[EventRounds "11"]
[EventCountry "IRI"]
[SourceTitle "CBM 149 Extra"]
[Source "ChessBase"]
[SourceDate "2012.08.24"]
[SourceVersion "1"]
[SourceVersionDate "2012.08.24"]
[SourceQuality "1"]

1. g3 d5 2. Bg2 Nf6 3. d3 e6 4. Nf3 c6 5. 0-0 Be7 6. Nbd2 0-0 7. e4 Qc7 8. e5 Nfd7 9. Re1 c5 10. Nf1 Nc6 11. Bf4 b5 12. h4 Bb7 13. N1h2 d4 14. Ng4 h5 15. Nf6+ gxf6 16. exf6 Bd6 17. Bxd6 Qxd6 18. Qd2 Ne7 19. fxe7 Qxe7 20. Qh6 Qf6 21. Qxh5 Kg7 22. Ne5 Nxe5 23. Rxe5 Rh8 24. Qg5+ Qxg5 25. Rxg5+ Kf6 26. Bxb7 Rab8 27. Be4 c4 28. Rc5 e5 1-0